| 000 | 00947nas a2200325 4500 | ||
|---|---|---|---|
| 001 | BR2011002490 | ||
| 003 | BR-BrBNA | ||
| 005 | 20231205115306.0 | ||
| 007 | ta | ||
| 008 | 230509b bl.|||p| |||| 00| 00por d | ||
| 040 |
_aBR-BrBNA _bpor _cBiblioteca Nacional de Agricultura |
||
| 041 | _a(Pt) | ||
| 072 | _aL53 | ||
| 100 | 1 | _aGuimarães, D.A. de A. | |
| 100 | 1 | _aBastos, L.V. | |
| 100 | 1 | _aFerreira, A.C. | |
| 100 | 1 | _aLuz-Ramos, R.S, | |
| 100 | 1 | _aOhashi, O.M. | |
| 100 | 1 | _aRibeiro, H.L. | |
| 245 | 1 | _aCaracterísticas reprodutivas da paca fêmea (Agouti paca)criada em cativeiro | |
| 650 | _aPACA | ||
| 650 | _aANIMAL SELVAGEM | ||
| 650 | _aREPRODUÇÃO ANIMAL | ||
| 650 | _aCONSERVAÇÃO | ||
| 650 | _aFAUNA | ||
| 650 | _aCRIAÇÃO EM CATIVEIRO | ||
| 773 | 0 |
_tActa Amazônia (Brazil) _xISSN 0044-5967 _g(Sep 2008), v. 38(3) p. 531-537 _wBR2011002490 |
|
| 909 |
_a202311 _bLúcia _c55 _dLúcia Elande |
||
| 942 |
_2AGRIS _n0 _cANA |
||
| 999 |
_c213047 _d213047 |
||